<?xml version="1.0" encoding="UTF-8"?>
<record
    xmlns:xsi="http://www.w3.org/2001/XMLSchema-instance"
    xsi:schemaLocation="http://www.loc.gov/MARC21/slim http://www.loc.gov/standards/marcxml/schema/MARC21slim.xsd"
    xmlns="http://www.loc.gov/MARC21/slim">

  <leader>00240nam a2200085Ia 4500</leader>
  <controlfield tag="005">20250523155753.0</controlfield>
  <controlfield tag="008">250523s9999    xx            000 0 und d</controlfield>
  <datafield tag="245" ind1=" " ind2="0">
    <subfield code="a">Ece Y&#xFC;ce/Ece nin &#xC7;oraplar&#x131; &#xC7;ok G&#xFC;l&#xFC;n&#xE7;</subfield>
    <subfield code="c">G&#xFC;lten Day&#x131;o&#x11F;lu</subfield>
  </datafield>
  <datafield tag="260" ind1=" " ind2=" ">
    <subfield code="b">ALTIN</subfield>
  </datafield>
  <datafield tag="999" ind1=" " ind2=" ">
    <subfield code="c">12151</subfield>
    <subfield code="d">12151</subfield>
  </datafield>
</record>
